<?xml version="1.0" encoding="UTF-8"?>
<collection xmlns="http://www.loc.gov/MARC21/slim">
 <record>
  <leader>04144nam a22003257a 4500</leader>
  <controlfield tag="001">kal6003</controlfield>
  <controlfield tag="003">Gr-AtHEAL</controlfield>
  <controlfield tag="005">20160515212035.0</controlfield>
  <controlfield tag="008">160512b        xxu||||| |||| 00| 0 eng|c</controlfield>
  <datafield tag="020" ind1=" " ind2=" ">
   <subfield code="a">9789606031694</subfield>
  </datafield>
  <datafield tag="040" ind1=" " ind2=" ">
   <subfield code="a">GR-AtHEAL</subfield>
   <subfield code="b">gre</subfield>
   <subfield code="c">GR-AtHEAL</subfield>
  </datafield>
  <datafield tag="082" ind1="0" ind2="4">
   <subfield code="a">519.2</subfield>
   <subfield code="2">23</subfield>
  </datafield>
  <datafield tag="100" ind1="1" ind2=" ">
   <subfield code="a">Λουλάκης, Μιχαήλ.</subfield>
   <subfield code="8">2872</subfield>
  </datafield>
  <datafield tag="245" ind1="1" ind2="0">
   <subfield code="a">Στοχαστικές διαδικασίες</subfield>
   <subfield code="h">[Ηλεκτρονικός πόρος] </subfield>
   <subfield code="c">Λουλάκης, Μιχαήλ: Κριτικός αναγνώστης, Κουλουντζάκης, Μιχαήλ ;  Γλωσσική επιμέλεια, Τραμπούλης, Θεόφιλος.</subfield>
  </datafield>
  <datafield tag="260" ind1=" " ind2=" ">
   <subfield code="a">Αθήνσ :</subfield>
   <subfield code="b">Σύνδεσμος Ελληνικών Ακαδημαϊκών Βιβλιοθηκών,</subfield>
   <subfield code="c">c2015.</subfield>
  </datafield>
  <datafield tag="490" ind1=" " ind2=" ">
   <subfield code="a">Ακαδημαϊκά Ηλεκτρονικά Συγγράμματα και Βοηθήματα Κάλλιπος</subfield>
   <subfield code="8">40</subfield>
  </datafield>
  <datafield tag="505" ind1=" " ind2=" ">
   <subfield code="a">1. Εισαγωγή στις Στοχαστικές Διαδικασίες 2. Μαρκοβιανές Αλυσίδες 3. Θεωρία Δυναμικού 4. Martingales 5. Αναλλοίωτες κατανομές 6. Ασυμπτωτικά θεωρήματα 7. Εφαρμογές των μαρκοβιανών αλυσίδων 8. Διαδικασίες Poisson</subfield>
  </datafield>
  <datafield tag="520" ind1=" " ind2=" ">
   <subfield code="a">Το βιβλίο αυτό είναι μια εισαγωγή στις Στοχαστικές Διαδικασίες. Αρχικά μελετώνται μαρκοβιανες αλυσίδες με διακριτούς χώρους καταστάσεων, και δίνεται έμφαση στη μοντελοποίηση και ανάλυση πραγματικών προβλημάτων. Οι αλυσίδες αυτές έχουν το πλεονέκτημα ότι παρουσιάζουν πλούσια φαινομενολογία ως προς την μείξη τους και την ασυμπτωτική τους συμπεριφορά χωρίς να επιπλέκονται από τεχνικές δυσκολίες.Εισάγεται η έννοια των martingale διακριτού χρόνου, και παρουσιάζονται εφαρμογές στην χρηματοοικονομίαΤέλος παρουσιάζονται οι διαδικασίες Poisson και οι μαρκοβιανές διαδικασίες συνεχούς χρόνου με άλματα.Παράλληλα με την θεωρία αναπτύσσονται υπολογιστικές τεχνικές που βασίζονται στις μαρκοβιανές αλυσίδες, όπως η μέθοδος Markov Chain Monte Carlo, και οι τεχνικές αυτές χρησιμοποιούνται για να λυθούν υπολογιστικά προβλήματα που έρχονται από άλλες επιστήμες, όπως η Φυσική, η Βιολογία ή οι Επιστήμες του μηχανικού. Η δομή παρέχει στον διδάσκοντα την ευελιξία να επιλέξει μόνο μέρος των σημειώσεων για ένα εξαμηνιαίο μάθημα, αφού εκτός από τα βασικά κεφάλαια 1,2,3, και 6 τα υπόλοιπα κεφάλαια δεν έχουν αλληλοεξαρτήσεις.</subfield>
  </datafield>
  <datafield tag="650" ind1=" " ind2="0">
   <subfield code="a">Stochastic processes</subfield>
   <subfield code="8">2958</subfield>
  </datafield>
  <datafield tag="653" ind1=" " ind2=" ">
   <subfield code="a">Στοχαστικές διαδικασίες</subfield>
  </datafield>
  <datafield tag="653" ind1=" " ind2=" ">
   <subfield code="a">Μαρκοβιανές αλυσίδες</subfield>
  </datafield>
  <datafield tag="653" ind1=" " ind2=" ">
   <subfield code="a">Στοχαστική προσομοίωση</subfield>
  </datafield>
  <datafield tag="653" ind1=" " ind2=" ">
   <subfield code="a">Μόντε Κάρλο</subfield>
  </datafield>
  <datafield tag="653" ind1=" " ind2=" ">
   <subfield code="a">Μετρητικές διαδικασίες</subfield>
  </datafield>
  <datafield tag="700" ind1=" " ind2=" ">
   <subfield code="a">Κουλουντζάκης, Μιχαήλ</subfield>
   <subfield code="e">Κριτικός Αναγνώστης</subfield>
   <subfield code="8">2873</subfield>
  </datafield>
  <datafield tag="856" ind1=" " ind2=" ">
   <subfield code="u">http://hdl.handle.net/11419/6003</subfield>
   <subfield code="z">Πλήρες Κείμενο - Full text</subfield>
  </datafield>
  <datafield tag="907" ind1=" " ind2=" ">
   <subfield code="a">.b25681552</subfield>
   <subfield code="b">25-06-18</subfield>
   <subfield code="c">29-07-16</subfield>
  </datafield>
  <datafield tag="949" ind1=" " ind2=" ">
   <subfield code="0">0</subfield>
   <subfield code="1">0</subfield>
   <subfield code="2">ddc</subfield>
   <subfield code="4">0</subfield>
   <subfield code="6">519_200000000000000_ΛΟΥ</subfield>
   <subfield code="7">0</subfield>
   <subfield code="8">KALL</subfield>
   <subfield code="8">917</subfield>
   <subfield code="d">2016-05-12</subfield>
   <subfield code="r">2016-05-12</subfield>
   <subfield code="w">2016-05-12</subfield>
   <subfield code="z">519.2 ΛΟΥ</subfield>
   <subfield code="o">SEAB KALLIPOS</subfield>
  </datafield>
  <datafield tag="998" ind1=" " ind2=" ">
   <subfield code="a">80</subfield>
   <subfield code="a">01</subfield>
   <subfield code="a">02</subfield>
   <subfield code="a">03</subfield>
   <subfield code="a">04</subfield>
   <subfield code="a">05</subfield>
   <subfield code="a">06</subfield>
   <subfield code="a">07</subfield>
   <subfield code="a">08</subfield>
   <subfield code="a">09</subfield>
   <subfield code="a">10</subfield>
   <subfield code="a">11</subfield>
   <subfield code="a">12</subfield>
   <subfield code="a">13</subfield>
   <subfield code="a">14</subfield>
   <subfield code="a">15</subfield>
   <subfield code="a">16</subfield>
   <subfield code="a">17</subfield>
   <subfield code="a">18</subfield>
   <subfield code="a">19</subfield>
   <subfield code="a">20</subfield>
   <subfield code="a">21</subfield>
   <subfield code="a">22</subfield>
   <subfield code="a">23</subfield>
   <subfield code="a">24</subfield>
   <subfield code="a">25</subfield>
   <subfield code="a">26</subfield>
   <subfield code="b">29-05-17</subfield>
   <subfield code="c">m</subfield>
   <subfield code="d">z  </subfield>
   <subfield code="e">-</subfield>
   <subfield code="f">gre</subfield>
   <subfield code="g">xxu</subfield>
   <subfield code="h">0</subfield>
  </datafield>
  <datafield tag="942" ind1=" " ind2=" ">
   <subfield code="2">ddc</subfield>
   <subfield code="c">KALLIPOS</subfield>
  </datafield>
 </record>
</collection>
